Welcome to the Holygrace Academy Library

Please use search bar below to get started

CBSE SECONDARY SCHOOL MATHEMATICS (Record no. 746)

MARC details
000 -LEADER
fixed length control field 00306nam a22001217a 4500
020 ## - INTERNATIONAL STANDARD BOOK NUMBER
ISBN 978-81-89847-86-9
082 ## - DEWEY DECIMAL CLASSIFICATION NUMBER
Classification number 510
Item number NIJ/M
100 ## - MAIN ENTRY--AUTHOR NAME
Personal name J.C.NIJHAWAN
245 ## - TITLE STATEMENT
Title CBSE SECONDARY SCHOOL MATHEMATICS
Remainder of title CLASS X
260 ## - PUBLICATION, DISTRIBUTION, ETC. (IMPRINT)
Place of publication DELHI
Name of publisher P.P.PUBLICATIONS
Year of publication 2018
650 ## - SUBJECT ADDED ENTRY--TOPICAL TERM
Topical Term MATHS FOR CLASS X
Geographic subdivision INDIA
942 ## - ADDED ENTRY ELEMENTS (KOHA)
Koha item type Books
Holdings
Withdrawn status Lost status Collection code Home library Current library Shelving location Date acquired Source of acquisition Cost, normal purchase price Full call number Accession Number Koha item type
    Reference Main Library Main Library SHELF-8 A CLASS X- MATHS 01/06/2018 purchase 485.00 510 NIJ/M 10207 Books